000 00717nam a22002297a 4500
003 UA-OsUOA
001 25091
007 ta
008 20040315b un ||||| |||| 00| 0 ukr d
100 _aСмирнов А.А.
090 _a82
_bС50
942 _cSA
040 _aUA-OsUOA
_bukr
_cUA-OsUOA
_dUA-OsUOA
245 _aМетафорика водного потока в лирике А. С. Пушкина и английских романтиков
300 _aС.7-14
955 _a0
041 _aukr
080 _a82
044 _aUA
773 0 _w0
_tВестник Московского Университета. Серия 9: Филология
_dМ.
_d2003
_g№6
650 7 _aЛітература
_2UDC
999 _c311382
_d311382